000
00197nam a22000977a 4500
999
_c
12799
_d
12799
020
_a
9780195774627
082
_a
954.904
100
_a
Wolpert, Stanley
245
_a
Jinnah of Pakistan
942
_c
BK